| 000 | 00732 a2200205 4500 | ||
|---|---|---|---|
| 003 | Nust | ||
| 005 | 20221110123403.0 | ||
| 010 | _a 90035456 | ||
| 020 | _a013005562x | ||
| 040 | _cNust | ||
| 082 | 0 | 0 | _a512.02 |
| 100 | 1 |
_aDummit, David Steven. _9102518 |
|
| 245 | 1 | 0 |
_aAbstract algebra / _cDavid S. Dummit, Richard M. Foote. |
| 260 |
_aEnglewood Cliffs, N.J. : _bPrentice Hall, _cc1991. |
||
| 300 |
_axiv, 658 p. : _bill. ; _c24 cm. |
||
| 505 | _aGroups Theory (Page-13), Modules and Vector Spaces (Page-314), Field Theory Ad Galois Theory (Page-421), Introduction to The Representation Theory Of Finite Groups (Page-569). | ||
| 650 | 0 | _aAlgebra, Abstract. | |
| 700 | 1 |
_aFoote, Richard M., _d1950- _9102519 |
|
| 942 |
_2ddc _cBK |
||
| 999 |
_c189575 _d189575 |
||